Vista normal
Vista MARC
- Korn, Alejandro,
Entrada Nombre personal
Número de registros utilizados en: 4
001 - NÚMERO DE CONTROL
- campo de control: 8905
003 - IDENTIFICADOR DEL NÚMERO DE CONTROL
- campo de control: AR-BaAGN
005 - FECHA Y HORA DE LA ÚLTIMA TRANSACCIÓN
- campo de control: 20250113142500.0
008 - ELEMENTOS DE DATO DE LONGITUD-FIJA
- campo de control de longitud fija: nn ac|nnaabn a aaa d
040 ## - FUENTE DE CATALOGACIÓN
- Centro catalogador/agencia de origen: AR-BaAGN
- Lengua de catalogación: spa
- Normas de descripción: aacr
100 1# - ENCABEZAMIENTO-NOMBRE DE PERSONA
- Nombre de persona: Korn, Alejandro,
- Fechas asociadas al nombre: 1860-1936
370 ## - LUGAR ASOCIADO
- Lugar de nacimiento: San Vicente
- Lugar de fallecimiento: La Plata
372 ## - CAMPO DE ACTIVIDAD
- Campo de actividad: Medicina
374 ## - OCUPACIÓN
- Ocupación: Médicos
374 ## - OCUPACIÓN
- Ocupación: Filósofos
374 ## - OCUPACIÓN
- Ocupación: Políticos
374 ## - OCUPACIÓN
- Ocupación: Psiquiatras
